Statistics for The Greatest Showman cast

Click here to take the quiz!

General Stats

  • This quiz has been taken 3 times
  • The average score is 4 of 14

Answer Stats

characterAnswer% Correct
Pt BarnumHugh Jackman
100%
Phillip CarlyleZac Efron
100%
Anne WheelerZendaya
100%
Charity BarnumMichelle Williams
50%
Caroline BarnumAustyn Johnson
0%
Helen BarnumCameron Seeley
0%
Young Pt BarnumEllis Rubin
0%
Mr. O'MalleyEric Anderson
0%
Lettie LetzKeala Settle
0%
jenny LindRebecca Ferguson
0%
Tom LumbSam Humphrey
0%
Young Charity BarnumSkylar Dunn
0%
Philo BarnumWill Swenson
0%
W.D WheelerYahya Abdul- Mateen II
0%

Score Distribution

Percentile by Number Answered

Percent of People with Each Score

Your Score History

You have not taken this quiz